Afrikanische Fußballer, die in einem Champions League Finale standen - Statistiken

Allgemein
  • Dieses Quiz wurde 317 mal gespielt
    100 seit der letzten Aktualisierung
  • Das Durchschnittsergebnis liegt bei 14 aus 30
Antwortstatistiken
Anz. Saison Nationalität Spieler % Korrekt
3 05/06 (S), 08/09 (S), 09/10 (S) Kamerun Eto'o
98%
3 17/18 (N), 18/19 (S), 21/22 (N) Ägypten Mohamed Salah
98%
3 17/18 (N), 18/19 (S), 21/22 (N) Senegal Sadio Mane
96%
2 07/08 (N), 11/12 (S) Elfenbeinküste Didier Drogba
94%
1 24/25 (S) Marokko Achraf Hakimi
89%
1 05/06 (N) Elfenbeinküste Kolo Toure
73%
1 08/09 (S) Elfenbeinküste Yaya Toure
73%
1 20/21 (N) Algerien Riyad Mahrez
71%
1 07/08 (N) Ghana Michael Essien
66%
1 21/22 (N) Guinea Naby Keita
54%
2 08/09 (S), 10/11 (S) Mali Seydou Keita
54%
2 07/08 (N), 11/12 (S) Elfenbeinküste Salomon Kalou
52%
1 19/20 (N) Kamerun Choupo-Moting
50%
1 20/21 (S) Senegal Edouard Mendy
49%
1 11/12 (S) Nigeria John Obi Mikel
49%
1 23/24 (N) Elfenbeinküste Sebastien Haller
48%
1 22/23 (N) Kamerun Andre Onana
46%
1 18/19 (S) Kamerun Joel Matip
41%
2 98/99 (N), 00/01 (S) Ghana Samuel Kuffour
39%
2 94/95 (S), 95/96 (N) Nigeria Nwankwo Kanu
32%
1 16/17 (N) Gabun Mario Lemina
28%
1 15/16 (N) Ghana Thomas Partey
23%
1 03/04 (S) Südafrika Benedikt McCarthy
22%
1 09/10 (S) Ghana Sulley Muntari
20%
1 92/93 (S) Ghana Abedi Pele
17%
1 05/06 (N) Elfenbeinküste Emmanuel Eboue
13%
1 04/05 (S) Mali Djimi Traore
10%
2 94/95 (S), 95/96 (N) Nigeria Finidi George
6%
1 95/06 (N) DR Kongo Kizito Musampa
2%
1 03/04 (N) DR Kongo Shabani Nonda
1%
Keine übereinstimmenden Quizze gefunden
Verteilung der Resultate
Anzahl Personen mit jedem Resultat
Perzentil nach korrekt beantworteten Fragen
Ihre Resultats-Entwicklung
Sie haben dieses Quiz seit der letzten Aktualisierung nicht gespielt